[Event "NAYCC U14"]
[Site "Windsor CAN"]
[Date "2016.08.11"]
[Round "8.80"]
[White "Gaur, Shivan"]
[Black "Jeyakumar, Yathushan"]
[Result "1/2-1/2"]
[WhiteElo "1294"]
[BlackElo "1216"]
[PlyCount "47"]
[EventDate "2016.08.07"]
[EventType "swiss"]
[EventRounds "9"]
[EventCountry "CAN"]

1. d4 Nf6 2. c4 g6 3. g3 e6 4. Bg2 d5 5. Nf3 Bg7 6. O-O O-O 7. Nc3 Nc6 8. cxd5
exd5 9. Bg5 Bf5 10. Nh4 Be6 11. Qd2 Qd7 12. Rfd1 Rfe8 13. Nf3 Nh5 14. Be3 Rad8
15. Rac1 b6 16. Bh6 f6 17. Bxg7 Nxg7 18. e3 Na5 19. b3 Nb7 20. Re1 Bf5 21. Nh4
Be6 22. Nf3 Bf5 23. Nh4 Be6 24. Nf3 1/2-1/2

[Event "NAYCC U14"]
[Site "Windsor CAN"]
[Date "2016.08.11"]
[Round "8.81"]
[White "Eirew, Milo"]
[Black "Liu, Benjamin"]
[Result "1-0"]
[WhiteElo "819"]
[BlackElo "982"]
[PlyCount "43"]
[EventDate "2016.08.07"]
[EventType "swiss"]
[EventRounds "9"]
[EventCountry "CAN"]

1. e4 c5 2. Nf3 d6 3. d4 cxd4 4. Nxd4 Nf6 5. Nc3 g6 6. Nf3 Nc6 7. Bb5 e6 8. e5
Ng4 9. h3 Ngxe5 10. Nxe5 dxe5 11. Qxd8+ Kxd8 12. Bxc6 bxc6 13. Be3 Bd6 14.
O-O-O Ke7 15. Ne4 Bc7 16. Bg5+ Kf8 17. Bf6 Rg8 18. Rd2 Bb7 19. Rhd1 h6 20. Rd7
Rc8 21. Rxc7 Rxc7 22. Rd8# 1-0

[Event "NAYCC U14"]
[Site "Windsor CAN"]
[Date "2016.08.11"]
[Round "8.82"]
[White "Li, Yang"]
[Black "Zaid, Shahmeer"]
[Result "1-0"]
[WhiteElo "1119"]
[BlackElo "820"]
[PlyCount "161"]
[EventDate "2016.08.07"]
[EventType "swiss"]
[EventRounds "9"]
[EventCountry "CAN"]

1. e4 c5 2. Nf3 Nc6 3. Nc3 d6 4. Bc4 e5 5. d3 Nf6 6. Ng5 Be6 7. Bxe6 fxe6 8.
Nxe6 Qd7 9. Nxf8 Rxf8 10. h3 h6 11. O-O d5 12. exd5 Nxd5 13. Nxd5 Qxd5 14. Qd2
O-O-O 15. Qe2 Rde8 16. Qe4 Qe6 17. a3 a6 18. f4 Rd8 19. fxe5 Rxf1+ 20. Kxf1
Qf7+ 21. Qf4 Qe7 22. Qg4+ Kb8 23. Kg1 Ka7 24. Bf4 Rf8 25. Bg3 Nd4 26. c3 Nf5
27. Bh2 Ne3 28. Qe2 Nf5 29. Rf1 Qe6 30. g4 g6 31. gxf5 gxf5 32. Rf2 Qa2 33. d4
Qa1+ 34. Qf1 Qa2 35. Rxf5 Rxf5 36. Qxf5 Qxb2 37. dxc5 Qxc3 38. e6 Qe1+ 39. Kg2
Qe2+ 40. Kg3 Qe1+ 41. Kg2 Qe2+ 42. Kg3 Qe1+ 43. Kg4 Qe2+ 44. Kh4 Qxh2 45. e7
Qe2 46. Qf8 Qc4+ 47. Kh5 Qxc5+ 48. Kxh6 Qe3+ 49. Kg7 Qg5+ 50. Kf7 Qf4+ 51. Kg8
Qg5+ 52. Qg7 Qd5+ 53. Kf8 Qf5+ 54. Qf7 Qc8+ 55. e8=Q Qc5+ 56. Qee7 Qc8+ 57. Kg7
Qc3+ 58. Qff6 Qg3+ 59. Qg6 Qc3+ 60. Kg8 Qc8+ 61. Kh7 Qxh3+ 62. Qh6 Qd3+ 63. Kh8
Qc3+ 64. Qhg7 Qh3+ 65. Kg8 Qc8+ 66. Qef8 Qc4+ 67. Qgf7 Qg4+ 68. Kh8 Qh4+ 69.
Kg7 Qd4+ 70. Kg6 Qg4+ 71. Kf6 Qf4+ 72. Ke6 Qe4+ 73. Kd7 Qd4+ 74. Kc8 Qc3+ 75.
Qc7 Qh3+ 76. Kd8 Qh4+ 77. Kd7 Qd4+ 78. Ke6 Qe4+ 79. Qe5 Qg6+ 80. Kd5 Qd3+ 81.
Qd4+ 1-0

[Event "NAYCC U14"]
[Site "Windsor CAN"]
[Date "2016.08.11"]
[Round "8.83"]
[White "Periappuram, Jacob"]
[Black "Jasniewicz, Adam"]
[Result "1/2-1/2"]
[WhiteElo "873"]
[BlackElo "807"]
[PlyCount "101"]
[EventDate "2016.08.07"]
[EventType "swiss"]
[EventRounds "9"]
[EventCountry "CAN"]

1. e4 e5 2. Nf3 Nc6 3. Bc4 Bc5 4. Nc3 Nf6 5. O-O d6 6. Na4 Nxe4 7. Nxc5 Nxc5 8.
d3 O-O 9. a3 Be6 10. Ba2 Bxa2 11. Rxa2 Re8 12. Re1 e4 13. dxe4 Rxe4 14. Ng5
Rxe1+ 15. Qxe1 Qe8 16. Qc3 Ne4 17. Nxe4 Qxe4 18. Ra1 Nd4 19. Kh1 c5 20. h3 Nxc2
21. Qg3 Nxa1 22. Bh6 g6 23. Qxd6 Qe6 24. Qxc5 f5 25. Qc3 Kf7 26. Qg7+ Ke8 27.
Qh8+ Kd7 28. Qxa8 Qe1+ 29. Kh2 Qxf2 30. Qxb7+ Kd6 31. Bf8+ Ke5 32. Qc7+ Ke4 33.
Qc6+ Kf4 34. Bd6+ Kg5 35. Qc1+ Kh4 36. Bg3+ Qxg3+ 37. Kg1 Nb3 38. Qc4+ f4 39.
a4 g5 40. Qg8 h5 41. Qc4 g4 42. hxg4 hxg4 43. Qe6 Kg5 44. Qe5+ Kg6 45. Qe6+ Kg7
46. Qe5+ Kf7 47. Qh5+ Ke6 48. Qg6+ Ke5 49. Qg7+ Ke4 50. Qb7+ Kd3 51. Qxb3+
1/2-1/2

[Event "NAYCC U14"]
[Site "Windsor CAN"]
[Date "2016.08.11"]
[Round "9.58"]
[White "Hua, Eugene"]
[Black "Doknjas, Joshua"]
[Result "1/2-1/2"]
[WhiteElo "2140"]
[BlackElo "2137"]
[PlyCount "80"]
[EventDate "2016.08.07"]
[EventType "swiss"]
[EventRounds "9"]
[EventCountry "CAN"]

1. c4 c5 2. Nf3 Nc6 3. g3 g6 4. Bg2 Bg7 5. Nc3 e5 6. O-O Nge7 7. Ne1 d6 8. Nc2
O-O 9. Ne3 Be6 10. a3 Qd7 11. Rb1 Bh3 12. Ned5 Bxg2 13. Kxg2 f5 14. f4 e4 15.
d3 exd3 16. Qxd3 Rad8 17. Bd2 Nxd5 18. Qxd5+ Kh8 19. Rbe1 Ne7 20. Qf3 d5 21.
cxd5 Nxd5 22. e4 fxe4 23. Rxe4 Nf6 24. Re2 Ng4 25. Rd1 Bd4 26. Bc1 Nh6 27. Ne4
Qc8 28. Ng5 Rde8 29. Rde1 Rxe2+ 30. Qxe2 Qc6+ 31. Qe4 Qxe4+ 32. Rxe4 Bf6 33. b4
cxb4 34. Rxb4 Rc8 35. Be3 Nf5 36. Bf2 Bxg5 37. fxg5 Rc7 38. g4 Ne7 39. h4 Kg7
40. Rf4 Nc6 1/2-1/2

[Event "NAYCC U14"]
[Site "Windsor CAN"]
[Date "2016.08.11"]
[Round "9.59"]
[White "Chen, Jacob"]
[Black "Titus, Andrew"]
[Result "1/2-1/2"]
[WhiteElo "2011"]
[BlackElo "2143"]
[PlyCount "124"]
[EventDate "2016.08.07"]
[EventType "swiss"]
[EventRounds "9"]
[EventCountry "CAN"]

1. e4 c5 2. Be2 d5 3. exd5 Qxd5 4. Nf3 Nc6 5. Nc3 Qd8 6. O-O Nf6 7. d3 e6 8.
Bf4 a6 9. Qd2 Be7 10. Rad1 Nd4 11. Nxd4 cxd4 12. Ne4 Nd5 13. Be5 Nf6 14. Bf3
O-O 15. c3 Nxe4 16. dxe4 Qa5 17. cxd4 Qxa2 18. Qc3 Qa4 19. d5 f6 20. Bg3 e5 21.
d6 Bd8 22. b3 Qb5 23. Rd5 Qe8 24. Rfd1 Be6 25. R5d2 Rc8 26. Qb4 Qd7 27. Be2 b5
28. f4 Bb6+ 29. Kh1 Bc5 30. Qa5 exf4 31. Bxf4 Bxb3 32. Rb1 Ba4 33. Bd1 Bxd1 34.
Rbxd1 Rfd8 35. Qa2+ Kh8 36. Qd5 Bb4 37. Rd3 Rc5 38. Qb3 a5 39. Bg3 Re8 40. e5
fxe5 41. Rf3 Rc4 42. Bxe5 Bxd6 43. Qd3 Rxe5 44. Rf8+ Bxf8 45. Qxd7 Rce4 46. h3
Rf4 47. Qc7 Ref5 48. Qxa5 b4 49. Qb6 Rf6 50. Qb5 h6 51. Qb7 R6f5 52. Rd8 Rf6
53. Qb5 Kh7 54. Qd3+ Kg8 55. Qd5+ Kh8 56. Qb5 Rf7 57. Qd5 Kh7 58. Qd3+ Kg8 59.
Qb5 R7f5 60. Qd3 Rf7 61. Qb5 R7f5 62. Qd3 Rf7 1/2-1/2

[Event "NAYCC U14"]
[Site "Windsor CAN"]
[Date "2016.08.11"]
[Round "9.60"]
[White "Bu, Kevin"]
[Black "Cai, Jason"]
[Result "1/2-1/2"]
[WhiteElo "1948"]
[BlackElo "1997"]
[PlyCount "85"]
[EventDate "2016.08.07"]
[EventType "swiss"]
[EventRounds "9"]
[EventCountry "CAN"]

1. e4 e6 2. d4 d5 3. exd5 exd5 4. Bd3 Nc6 5. c3 Bd6 6. h3 Nge7 7. Nf3 Bf5 8.
O-O Qd7 9. Re1 O-O-O 10. b4 Ng6 11. Bxf5 Qxf5 12. b5 Na5 13. Qa4 b6 14. Ba3
Rhe8 15. Nbd2 Bxa3 16. Qxa3 Qd3 17. Qb2 f6 18. g3 Nf8 19. Kg2 g5 20. Rad1 Qf5
21. Rxe8 Rxe8 22. Re1 Rxe1 23. Nxe1 Qe6 24. Nef3 h5 25. Qc2 Kb8 26. a4 Nb7 27.
Nf1 Nd6 28. Ne3 Qe4 29. Qxe4 dxe4 30. Nd2 f5 31. Nec4 Ne6 32. Nxd6 cxd6 33. g4
Nf4+ 34. Kh2 hxg4 35. hxg4 fxg4 36. Nxe4 d5 37. Nf6 Kc7 38. Kg3 Ne2+ 39. Kxg4
Nxc3 40. Kxg5 Kd6 41. Ne8+ Kd7 42. Nf6+ Kd6 43. Ne8+ 1/2-1/2

[Event "NAYCC U14"]
[Site "Windsor CAN"]
[Date "2016.08.11"]
[Round "9.61"]
[White "Wang, Ricky"]
[Black "Nakada, Akira"]
[Result "0-1"]
[WhiteElo "1807"]
[BlackElo "1904"]
[PlyCount "74"]
[EventDate "2016.08.07"]
[EventType "swiss"]
[EventRounds "9"]
[EventCountry "CAN"]

1. e4 e6 2. d4 d5 3. Nc3 Nf6 4. Bg5 Be7 5. e5 Nfd7 6. Bxe7 Qxe7 7. f4 O-O 8.
Nf3 c5 9. Qd2 Nc6 10. dxc5 Nxc5 11. Nd4 f6 12. O-O-O fxe5 13. Nxc6 bxc6 14.
fxe5 Nd7 15. Re1 Rf5 16. Bd3 Rxe5 17. Ne2 c5 18. Bb5 Rb8 19. Bxd7 Bxd7 20. Ng3
Qg5 21. Rxe5 Qxe5 22. c3 Rf8 23. Rf1 Rxf1+ 24. Nxf1 Bc6 25. g3 Qe4 26. Qf4
Qxf4+ 27. gxf4 Kf7 28. Kd2 Kf6 29. Ne3 g5 30. fxg5+ Kxg5 31. Nd1 e5 32. Nf2 Bb5
33. Ke3 Kf5 34. Kf3 d4 35. cxd4 cxd4 36. a3 Bc6+ 37. Ke2 e4 0-1

[Event "NAYCC U14"]
[Site "Windsor CAN"]
[Date "2016.08.11"]
[Round "9.62"]
[White "Baker, Vincent"]
[Black "Hawthorn, Charles"]
[Result "1/2-1/2"]
[WhiteElo "1994"]
[BlackElo "1666"]
[PlyCount "35"]
[EventDate "2016.08.07"]
[EventType "swiss"]
[EventRounds "9"]
[EventCountry "CAN"]

1. e4 c5 2. Nf3 Nc6 3. d4 cxd4 4. Nxd4 g6 5. Nc3 Bg7 6. Be3 Nf6 7. f3 d6 8. Qd2
O-O 9. O-O-O Bd7 10. g4 a6 11. Nd5 Nxd5 12. exd5 Nxd4 13. Bxd4 Bxd4 14. Qxd4
Qa5 15. Kb1 Qc5 16. Qxc5 dxc5 17. Bd3 Rad8 18. Rhe1 1/2-1/2

[Event "NAYCC U14"]
[Site "Windsor CAN"]
[Date "2016.08.11"]
[Round "9.63"]
[White "Liu, Daniel"]
[Black "Zhang, Henry"]
[Result "1-0"]
[WhiteElo "1609"]
[BlackElo "1957"]
[PlyCount "79"]
[EventDate "2016.08.07"]
[EventType "swiss"]
[EventRounds "9"]
[EventCountry "CAN"]

1. e4 c5 2. Nf3 e6 3. d4 cxd4 4. Nxd4 Nc6 5. Nc3 Qc7 6. g3 a6 7. Bg2 d6 8. O-O
Bd7 9. b3 Be7 10. Bb2 Rc8 11. Nde2 Nf6 12. Qd2 O-O 13. Nd1 Ne5 14. Rc1 Bc6 15.
f4 Ned7 16. Nf2 Nc5 17. Qe3 b5 18. c4 Qb7 19. Bxf6 Bxf6 20. Rfd1 Rfd8 21. Nd4
Bxd4 22. Qxd4 b4 23. Nd3 Nxe4 24. Bxe4 Bxe4 25. Nc5 Rxc5 26. Qxc5 Qc6 27. Qxb4
Bh1 28. Rd2 f5 29. h3 Kf7 30. Kh2 Be4 31. Qa5 Rb8 32. Rcd1 d5 33. Rd4 Rc8 34.
b4 dxc4 35. Rd7+ Ke8 36. Rd8+ Rxd8 37. Qxd8+ Kf7 38. Rd7+ Kg6 39. Qe8+ Kh6 40.
Qe7 1-0

[Event "NAYCC U14"]
[Site "Windsor CAN"]
[Date "2016.08.11"]
[Round "9.64"]
[White "Liu, Lambert"]
[Black "Ling, Evan"]
[Result "1-0"]
[WhiteElo "1827"]
[BlackElo "1776"]
[PlyCount "149"]
[EventDate "2016.08.07"]
[EventType "swiss"]
[EventRounds "9"]
[EventCountry "CAN"]

1. e4 c5 2. Nf3 Nc6 3. d4 cxd4 4. Nxd4 Qc7 5. Nc3 e6 6. Be3 a6 7. Qd2 Nf6 8. f3
Be7 9. O-O-O h5 10. Nb3 d6 11. Kb1 Ne5 12. Qf2 b5 13. a3 Nc4 14. Bxc4 bxc4 15.
Bb6 Qd7 16. Na5 e5 17. Nxc4 Rb8 18. Be3 Qc6 19. Nb6 Be6 20. Nbd5 Rb7 21. Nxf6+
Bxf6 22. Ka1 O-O 23. Nd5 Rfb8 24. Bc1 Bd8 25. Rd3 Rb5 26. Rhd1 Rc5 27. Rc3 Rxc3
28. Nxc3 Rc8 29. Kb1 Bb6 30. Be3 Bd8 31. Nd5 Qb5 32. Rd3 a5 33. Qd2 Qa6 34. h3
Rb8 35. g4 h4 36. Kc1 Qc4 37. b3 Qa6 38. a4 Qc6 39. Qxa5 Qxc2+ 40. Kxc2 Bxa5
41. Bd2 Bxd2 42. Rxd2 Kf8 43. Kb2 g6 44. Rc2 Rb7 45. Ka3 f5 46. b4 Ke8 47. Nc7+
Kd7 48. Nxe6 Kxe6 49. Rd2 fxg4 50. fxg4 Rf7 51. Rd3 Rf4 52. Re3 d5 53. exd5+
Kxd5 54. b5 e4 55. Kb4 Rf3 56. Re1 Rxh3 57. Ka5 Rf3 58. b6 h3 59. b7 Rf8 60.
Ka6 Kd4 61. Ka7 e3 62. b8=Q Rxb8 63. Kxb8 h2 64. a5 Kd3 65. a6 e2 66. a7 Kd2
67. Rxe2+ Kxe2 68. a8=Q Kf2 69. Qh1 Kg3 70. Kc7 g5 71. Kd6 Kh3 72. Ke5 Kg3 73.
Kf5 Kh3 74. Kxg5 Kg3 75. Qxh2+ 1-0

[Event "NAYCC U14"]
[Site "Windsor CAN"]
[Date "2016.08.11"]
[Round "9.65"]
[White "Gaisinsky, Adam"]
[Black "Liang, Hairan"]
[Result "0-1"]
[WhiteElo "1721"]
[BlackElo "2002"]
[PlyCount "96"]
[EventDate "2016.08.07"]
[EventType "swiss"]
[EventRounds "9"]
[EventCountry "CAN"]

1. e4 c5 2. Nf3 Nc6 3. Nc3 g6 4. d4 cxd4 5. Nxd4 Bg7 6. Be3 Nf6 7. Nb3 O-O 8.
Be2 d6 9. O-O Be6 10. f4 Na5 11. Nxa5 Qxa5 12. a4 Rac8 13. Bd4 Nd7 14. Bxg7
Kxg7 15. Qd4+ f6 16. Rad1 Qb6 17. Qxb6 Nxb6 18. a5 Nc4 19. Bxc4 Rxc4 20. Rfe1
Rc5 21. Ra1 Rfc8 22. Re3 Kf7 23. Kf2 f5 24. Ke1 h6 25. Kd2 fxe4 26. Rxe4 Bf5
27. Rd4 R8c6 28. Rb4 Rc7 29. Raa4 Bd7 30. Ra1 Rh5 31. h3 Bc6 32. Rc4 Rd7 33. g4
Rxh3 34. Rg1 Rh2+ 35. Kd3 h5 36. gxh5 gxh5 37. b4 a6 38. Rg5 Rd8 39. b5 axb5
40. Nxb5 e5 41. Nc3 d5 42. Rb4 d4 43. Nd1 e4+ 44. Kc4 Rxc2+ 45. Kb3 Rd2 46. Nb2
e3 47. Rxh5 e2 48. Re5 Re8 0-1

[Event "NAYCC U14"]
[Site "Windsor CAN"]
[Date "2016.08.11"]
[Round "9.66"]
[White "Surya, Benito"]
[Black "Liu, Aristo"]
[Result "0-1"]
[WhiteElo "1814"]
[BlackElo "1914"]
[PlyCount "78"]
[EventDate "2016.08.07"]
[EventType "swiss"]
[EventRounds "9"]
[EventCountry "CAN"]

1. e4 e5 2. Nf3 Nf6 3. Nxe5 d6 4. Nf3 Nxe4 5. Nc3 Nxc3 6. dxc3 Be7 7. Bf4 O-O
8. Qd2 Nc6 9. O-O-O Be6 10. Kb1 Bf6 11. Bd3 a6 12. Rhg1 Rb8 13. g4 g6 14. h4 b5
15. Bg5 b4 16. c4 a5 17. Qf4 Be7 18. h5 a4 19. Rh1 b3 20. cxb3 axb3 21. axb3
Rxb3 22. hxg6 fxg6 23. Qh2 Rf7 24. Bxg6 Rbxf3 25. Bxh7+ Kf8 26. Bh6+ Ke8 27.
Bg6 Bxg4 28. Bxf7+ Rxf7 29. Rde1 Bf5+ 30. Kc1 Ne5 31. Qh5 Nd3+ 32. Kd2 Qb8 33.
Rxe7+ Kxe7 34. Bg5+ Ke6 35. Qh6+ Kd7 36. Bf6 Qb4+ 37. Bc3 Qxc4 38. Rg1 Nf4 39.
Ke3 Qe4+ 0-1

[Event "NAYCC U14"]
[Site "Windsor CAN"]
[Date "2016.08.11"]
[Round "9.67"]
[White "Pulfer, Luke"]
[Black "Pan, David"]
[Result "1/2-1/2"]
[WhiteElo "1868"]
[BlackElo "1854"]
[PlyCount "50"]
[EventDate "2016.08.07"]
[EventType "swiss"]
[EventRounds "9"]
[EventCountry "CAN"]

1. d4 d5 2. c4 c6 3. Nc3 Nf6 4. e3 g6 5. Nf3 Bg7 6. b3 O-O 7. Bb2 Nbd7 8. Be2
e6 9. O-O b6 10. Rc1 Bb7 11. Qc2 Rc8 12. Rfd1 Qe7 13. Qb1 Rfd8 14. h3 Qe8 15.
Kh1 Qf8 16. Kg1 Qe7 17. Rd2 c5 18. cxd5 Nxd5 19. Nxd5 Bxd5 20. Ba3 Qf6 21. Bb2
Qe7 22. Ba3 Qf6 23. Bb2 Qe7 24. Ba3 Qf6 25. Bb2 Qe7 1/2-1/2

[Event "NAYCC U14"]
[Site "Windsor CAN"]
[Date "2016.08.11"]
[Round "9.68"]
[White "Yie, Kevin"]
[Black "Yaskolko, Maxim"]
[Result "0-1"]
[WhiteElo "1760"]
[BlackElo "2014"]
[PlyCount "174"]
[EventDate "2016.08.07"]
[EventType "swiss"]
[EventRounds "9"]
[EventCountry "CAN"]

1. d4 d5 2. Bf4 Bf5 3. e3 e6 4. Nf3 Nf6 5. Be2 Be7 6. h3 h6 7. O-O O-O 8. c4 c6
9. Qb3 Qd7 10. Nc3 dxc4 11. Qxc4 b5 12. Qb3 a5 13. Ne5 Qb7 14. Bh2 a4 15. Qd1
Nbd7 16. Nxd7 Qxd7 17. Bd3 Bxd3 18. Qxd3 b4 19. Ne4 c5 20. Rfd1 Rfd8 21. Qc2
Nxe4 22. Qxe4 c4 23. Rac1 Qb5 24. d5 Rxd5 25. Rxd5 Qxd5 26. Qxc4 Qxc4 27. Rxc4
Rd8 28. Be5 f6 29. Rc7 Rd1+ 30. Kh2 Bd8 31. Rc4 fxe5 32. Rxb4 a3 33. bxa3 Be7
34. Rb6 Bxa3 35. Rxe6 Rd2 36. Kg3 Rxa2 37. Kf3 Bb2 38. g4 Kf7 39. Rc6 Ra7 40.
h4 Re7 41. g5 hxg5 42. hxg5 Re6 43. Rc7+ Kg6 44. Kg4 e4 45. Rb7 Ba3 46. Rb5 Kf7
47. Rb7+ Re7 48. Rb8 Bd6 49. Rb6 Ke6 50. Ra6 Rf7 51. Ra2 g6 52. Rb2 Rf5 53. Ra2
Be7 54. Ra6+ Kf7 55. Ra7 Rxf2 56. Ra4 Rg2+ 57. Kh3 Rxg5 58. Rxe4 Kf6 59. Ra4
Re5 60. e4 Rg5 61. Kh4 Ke5 62. Kh3 Rg1 63. Kh2 Re1 64. Ra6 g5 65. Kg2 Rxe4 66.
Kg3 Kf5 67. Ra5+ Re5 68. Ra2 Re3+ 69. Kg2 Kf4 70. Ra4+ Re4 71. Ra2 Bc5 72. Rc2
Bd4 73. Ra2 g4 74. Rc2 g3 75. Ra2 Kg4 76. Ra4 Re2+ 77. Kf1 Rf2+ 78. Ke1 Rf4 79.
Ra2 Kh3 80. Ra8 g2 81. Rh8+ Kg3 82. Rg8+ Kf3 83. Kd2 Rg4 84. Rf8+ Kg3 85. Ke2
g1=Q 86. Rf3+ Kh4 87. Rf1 Re4+ 0-1

[Event "NAYCC U14"]
[Site "Windsor CAN"]
[Date "2016.08.11"]
[Round "9.69"]
[White "Chin, Jonathan"]
[Black "Liu, Kevin"]
[Result "0-1"]
[WhiteElo "1985"]
[BlackElo "1802"]
[PlyCount "78"]
[EventDate "2016.08.07"]
[EventType "swiss"]
[EventRounds "9"]
[EventCountry "CAN"]

1. e4 e5 2. Nf3 Nc6 3. Bc4 Bc5 4. c3 Nf6 5. d3 O-O 6. O-O h6 7. h3 d6 8. Nbd2
Be6 9. Re1 Re8 10. Bb3 Qd7 11. Nf1 d5 12. Qc2 Bb6 13. Bd2 d4 14. Bxe6 Rxe6 15.
c4 Bc5 16. Ng3 Bb4 17. a3 Bxd2 18. Qxd2 Ne7 19. Nh4 Nh7 20. b4 Ng6 21. Nf3 Nf4
22. Kh2 f6 23. a4 Ng5 24. Nh4 Ree8 25. Rh1 c5 26. Kg1 cxb4 27. Ne2 Nxe2+ 28.
Qxe2 Ne6 29. a5 Nc5 30. Kh2 b5 31. axb6 axb6 32. Nf5 Kh7 33. Rhb1 b3 34. Kg1
Reb8 35. Kh2 Ra5 36. Kg1 Rba8 37. Qd1 Rxa1 38. Rxa1 Rxa1 39. Qxa1 Qa4 0-1

[Event "NAYCC U14"]
[Site "Windsor CAN"]
[Date "2016.08.11"]
[Round "9.70"]
[White "Li, Eric M"]
[Black "Hou, Frank"]
[Result "1-0"]
[WhiteElo "1658"]
[BlackElo "1295"]
[PlyCount "79"]
[EventDate "2016.08.07"]
[EventType "swiss"]
[EventRounds "9"]
[EventCountry "CAN"]

1. e4 c5 2. Nf3 d6 3. d4 cxd4 4. Nxd4 Nc6 5. c4 Qb6 6. Nb3 e5 7. Be3 Qc7 8. Be2
Nf6 9. Nc3 Be6 10. Rc1 Ne7 11. Nb5 Qd7 12. Nxd6+ Kd8 13. Nc5 Qc6 14. Nxf7+ Ke8
15. Nd6+ Kd8 16. Nxe6+ Kd7 17. Nxf8+ Rhxf8 18. Nf5+ Ke8 19. Nxe7 Kxe7 20. f3
Rad8 21. Qb3 b6 22. O-O Rfe8 23. c5 Qb7 24. cxb6 Nd7 25. Bg5+ Nf6 26. Rc7+ Qxc7
27. Bxf6+ gxf6 28. bxc7 Rc8 29. Rc1 Kd6 30. Qb4+ Kd7 31. Bb5+ Ke6 32. Bxe8 Rxe8
33. Rc6+ Kd7 34. Qd6+ Kc8 35. b4 h6 36. a4 h5 37. a5 a6 38. Rxa6 h4 39. Qc6 Re7
40. Ra8# 1-0

[Event "NAYCC U14"]
[Site "Windsor CAN"]
[Date "2016.08.11"]
[Round "9.70"]
[White "Zhang, Zhehai"]
[Black "Dill, James"]
[Result "0-1"]
[WhiteElo "1678"]
[BlackElo "1870"]
[PlyCount "77"]
[EventDate "2016.08.07"]
[EventType "swiss"]
[EventRounds "9"]
[EventCountry "CAN"]

1. e4 e5 2. Nf3 Nc6 3. Bc4 Bc5 4. d3 Nf6 5. c3 d6 6. Bb3 Bb6 7. O-O Bg4 8. h3
Bh5 9. Nbd2 Qd7 10. Bc2 O-O 11. Re1 Rfe8 12. Nf1 h6 13. Ng3 Bg6 14. Nh4 Bh7 15.
Qf3 Qd8 16. Ngf5 Bxf5 17. Nxf5 Kh7 18. Bb3 Rf8 19. Qg3 Ne8 20. Qh2 Ne7 21. g4
Nxf5 22. gxf5 g6 23. fxg6+ fxg6 24. Be3 Nf6 25. Kh1 Nh5 26. d4 Nf4 27. dxe5
dxe5 28. Rad1 Qe7 29. Rg1 Rad8 30. Rxd8 Qxd8 31. Qg3 g5 32. Rd1 Qe7 33. Qg4 Qf6
34. Rd7+ Kh8 35. h4 Bxe3 36. fxe3 Ng6 37. hxg5 Qf1+ 38. Qg1 Qh3+ 39. Qh2 0-1

[Event "NAYCC U14"]
[Site "Windsor CAN"]
[Date "2016.08.11"]
[Round "9.71"]
[White "Padmanabhan, Karthik"]
[Black "Atanasov, David"]
[Result "1-0"]
[WhiteElo "1818"]
[BlackElo "1518"]
[PlyCount "100"]
[EventDate "2016.08.07"]
[EventType "swiss"]
[EventRounds "9"]
[EventCountry "CAN"]

1. e4 c5 2. d4 cxd4 3. c3 d3 4. c4 d6 5. Bxd3 Nc6 6. Nc3 Nf6 7. h3 e6 8. Nf3
Be7 9. O-O O-O 10. Be3 b6 11. a3 Ne5 12. Nxe5 dxe5 13. Qc2 Bb7 14. f4 exf4 15.
Bxf4 Qd4+ 16. Kh1 Nh5 17. Bh2 Qe3 18. Qe2 Ng3+ 19. Bxg3 Qxg3 20. Qf3 Qc7 21.
Rad1 f5 22. Qe2 Qg3 23. Qf2 Qg5 24. exf5 Bc5 25. Qc2 exf5 26. Bxf5 Bxg2+ 27.
Qxg2 Qh6 28. Be4 Rac8 29. Rxf8+ Rxf8 30. Bd5+ Kh8 31. Rf1 Re8 32. Ne4 Bd4 33.
Qf3 g6 34. Nd6 Re3 35. Nf7+ Kg7 36. Nxh6 Rxf3 37. Rxf3 Kxh6 38. b4 a5 39. bxa5
bxa5 40. Rd3 Bc5 41. Bf3 a4 42. Rd5 Bxa3 43. c5 Bb4 44. c6 a3 45. c7 a2 46. Rd1
Bc3 47. c8=Q a1=R 48. Qxc3 Rxd1+ 49. Bxd1 Kg5 50. Qe5+ Kh6 1-0

[Event "NAYCC U14"]
[Site "Windsor CAN"]
[Date "2016.08.11"]
[Round "9.72"]
[White "Uthayakumar, Ronan"]
[Black "Feng, Richard"]
[Result "1/2-1/2"]
[WhiteElo "1541"]
[BlackElo "1679"]
[PlyCount "95"]
[EventDate "2016.08.07"]
[EventType "swiss"]
[EventRounds "9"]
[EventCountry "CAN"]

1. e4 c5 2. Nf3 d6 3. d4 cxd4 4. Nxd4 Nf6 5. Nc3 g6 6. Be2 Bg7 7. O-O O-O 8.
Re1 Nc6 9. Nb3 Be6 10. Bf1 Rc8 11. Bg5 h6 12. Bh4 Ne5 13. Nd5 Nc4 14. Nxf6+
exf6 15. Bxc4 Rxc4 16. Bg3 d5 17. exd5 Qxd5 18. c3 Rd8 19. Qe2 Rcc8 20. Rad1
Qc4 21. Qe3 f5 22. Be5 Qe4 23. Bd4 Bxb3 24. axb3 Bxd4 25. cxd4 Rc2 26. Qxe4
fxe4 27. Rxe4 Rxb2 28. Re3 Rxd4 29. Ra1 Rdd2 30. Rf3 Ra2 31. Rc1 Rac2 32. Ra1
a6 33. g3 Kf8 34. Ra4 Ra2 35. Rc4 Rd7 36. Rc8+ Ke7 37. Rcc3 Rad2 38. Rf4 R2d4
39. Rff3 Kd8 40. Rf6 R4d6 41. Rf4 f5 42. Rfc4 Ke7 43. h4 Rd4 44. Re3+ Kf7 45.
Rc2 Kf6 46. Rce2 Rb4 47. Re6+ Kf7 48. R2e3 1/2-1/2

[Event "NAYCC U14"]
[Site "Windsor CAN"]
[Date "2016.08.11"]
[Round "9.73"]
[White "Singireddy, Sathvik"]
[Black "Wilson, Kameron"]
[Result "1/2-1/2"]
[WhiteElo "1530"]
[BlackElo "1439"]
[PlyCount "124"]
[EventDate "2016.08.07"]
[EventType "swiss"]
[EventRounds "9"]
[EventCountry "CAN"]

1. e4 e6 2. d4 d5 3. Nc3 Nf6 4. exd5 Nxd5 5. Nxd5 exd5 6. Bd3 Be6 7. Ne2 Bd6 8.
O-O Nc6 9. c3 Ne7 10. f4 Bf5 11. Ng3 Bxd3 12. Qxd3 c6 13. Nh5 O-O 14. f5 f6 15.
Bf4 Qc7 16. Rae1 Bxf4 17. Nxf4 Qd7 18. Re6 Rae8 19. Rfe1 Nc8 20. Qe2 Rxe6 21.
Nxe6 Re8 22. Qh5 Nd6 23. Re3 Qf7 24. Qh3 Re7 25. g4 Ne4 26. b3 Ng5 27. Nxg5
fxg5 28. Rxe7 Qxe7 29. Qg3 Kf7 30. Qe5 Qf6 31. Kf2 Qxe5 32. dxe5 c5 33. Ke3 Ke7
34. Kd3 b6 35. b4 a6 36. bxc5 bxc5 37. Kc2 Kd7 38. Kb3 Ke7 39. Kc2 Kd7 40. Kd1
Ke7 41. Ke2 Kd7 42. Kf2 Ke7 43. Kg3 Kf7 44. h4 h6 45. e6+ Ke7 46. h5 Kd6 47.
Kf3 Ke7 48. a3 Kd6 49. Ke3 Ke7 50. Kd3 Kd6 51. Kc2 Ke7 52. Kb3 Kd6 53. Ka4 Ke7
54. Ka5 Kd6 55. Ka4 Ke7 56. Kb3 Kd6 57. Kc2 Ke7 58. Kd3 Kd6 59. c4 d4 60. Ke4
Ke7 61. a4 Kd6 62. a5 Ke7 1/2-1/2

[Event "NAYCC U14"]
[Site "Windsor CAN"]
[Date "2016.08.11"]
[Round "9.74"]
[White "Tamayo, Santiago"]
[Black "Le, Collin"]
[Result "0-1"]
[WhiteElo "1386"]
[BlackElo "1540"]
[PlyCount "68"]
[EventDate "2016.08.07"]
[EventType "swiss"]
[EventRounds "9"]
[EventCountry "CAN"]

1. d4 Nf6 2. c4 e5 3. dxe5 Ng4 4. f3 Nxe5 5. e4 Nbc6 6. Be3 Bb4+ 7. Nd2 d6 8.
a3 Ba5 9. Qa4 Bxd2+ 10. Bxd2 O-O 11. Be3 Re8 12. Qc2 f5 13. O-O-O fxe4 14. fxe4
Qf6 15. h3 Be6 16. Be2 a6 17. Rf1 Qg6 18. g4 Na5 19. c5 dxc5 20. Bxc5 Nb3+ 21.
Kb1 Nxc5 22. Qxc5 Qxe4+ 23. Ka1 Nc4 24. Bxc4 Bxc4 25. Rc1 Qxh1 26. Qxc4+ Kh8
27. Qxc7 h6 28. Qf7 Rac8 29. Rb1 Rf8 30. Qg6 Qg2 31. Qe6 Rce8 32. Qd7 Rd8 33.
Qc7 Rd2 34. Qc5 Rdf2 0-1

[Event "NAYCC U14"]
[Site "Windsor CAN"]
[Date "2016.08.11"]
[Round "9.75"]
[White "Butchart, Brian"]
[Black "Rama, Vikas"]
[Result "0-1"]
[WhiteElo "1177"]
[BlackElo "1627"]
[PlyCount "90"]
[EventDate "2016.08.07"]
[EventType "swiss"]
[EventRounds "9"]
[EventCountry "CAN"]

1. e4 c5 2. Nc3 Nc6 3. g3 g6 4. Bg2 Bg7 5. d3 e6 6. Be3 b6 7. Nge2 Nge7 8. Qd2
d5 9. exd5 exd5 10. Bh6 O-O 11. Bxg7 Kxg7 12. O-O-O Be6 13. h4 h5 14. Bh3 Bxh3
15. Rxh3 Qd7 16. Rdh1 Ne5 17. Nf4 d4 18. Ne4 Nd5 19. Nxd5 Qxd5 20. Kb1 Qe6 21.
Qf4 Qf5 22. Qg5 f6 23. Qd2 Nf3 24. Qd1 Qg4 25. Nd2 Nxd2+ 26. Qxd2 Rae8 27. R3h2
Re2 28. Qd1 Rfe8 29. Rf1 Qe6 30. Rhh1 f5 31. a3 b5 32. Rhg1 a5 33. f4 Qe3 34.
Qc1 Qe6 35. Rf3 b4 36. b3 a4 37. bxa4 Qc6 38. Rgf1 Qxa4 39. R3f2 bxa3 40. Ka2
c4 41. dxc4 Qxc4+ 42. Ka1 Qc3+ 43. Ka2 Re1 44. Qxa3 Qa1+ 45. Kb3 R1e3+ 0-1